000 00668nam a22001937a 4500
003 CEME
005 20210628202315.0
008 210210b xxu||||| |||| 00| 0 eng d
020 _a1-58053-907-6
040 _c.
082 _a621.382 RUS
100 _aRusser, Peter
_959266
245 _aElectromagnetics, microwave circuit and antenna design for communicaiton engineering
250 _a2ND
260 _aBOSTON
_bARTECH HOUSE
_c2006
300 _aXX,727 P
650 _aELECTROMAGNETIC FIELD MATHEMATICAL MODELS, MICROWAVE CIRCUITES- MATHEMATICAL MODELS, ANTENNA- ELECTRONICS -MATHEMATICAL MODELS.ELECTROMAGNETICS. MICROWAVE CIRCUIT
_959267
942 _cBK
_2ddc
999 _c569284
_d569284